Music Quiz

Random Music or Album Quiz

Radiohead Albums Quiz Stats

 Plays Quiz Updated May 24, 2019

Score 0/9 Timer 03:00
2 Plays Today
Year Album % Correct
1997OK Computer
96.4%
2000Kid A
89.8%
2007In Rainbows
89.2%
1995The Bends
87.6%
1993Pablo Honey
86.9%
2003Hail to the Thief
75.8%
2016A Moon Shaped Pool
73.9%
2001Amnesiac
72.3%
2011The King of Limbs
28%

You're not logged in!

Compare scores with friends on all Sporcle quizzes.
OR
Log In

Sporcle TV

Today on Sporcle TV


Watch our educational content, quiz creation guides, and fun videos on Sporcle TV.

Show Comments

Extras

Top Quizzes Today


Score Distribution

Your Account Isn't Verified!

In order to create a playlist on Sporcle, you need to verify the email address you used during registration. Go to your Sporcle Settings to finish the process.

Report this User

Report this user for behavior that violates our Community Guidelines.

Details: